| 000 | | | 04191nmc2a22002653x 450 |
| 001 | | | ff5cd04d-b052-4917-9c41-171086aa6f9a |
| 005 | | | 20260210173223.0 |
| 100 | ## | $a | 20250818l18251825k l0rusy0189 ca |
| 101 | 0# | $a | rus |
| 102 | ## | $a | RU |
| 105 | ## | $a | y### |
| 122 | 2# | $a | d |
| 200 | 1# | $a | Дело по требованиям Государственной экспедиции для ревизии счетов о 878 рублях 11 копейках, отосланных за книги в Департамент из Архангельской губернии |
| | $j | 18 июня - 18 ноября 1825 г. |
| 215 | ## | $a | 6 л. |
| | $d | 36,5х26 см |
| 251 | ## | $c | Дело |
| 300 | ## | $a | Дело |
| 300 | ## | $a | Ориг. заголовок дела: Дело по требованиям Государственной экспедиции для ревизии счетов о 878 рублях 11 копейках, отосланных в 1819 году в Департамент из Архангельской гимназии за книги. 18 июня 1825 г. - 18 ноября 1825 г |
| 371 | ## | $a | Документ не является опубликованным и широко распространяемым |
| 461 | #0 | $1 | 001a74412a3-3cc5-4d21-8f0a-dfe2fbd9e72d |
| | $1 | 2001 |
| | $a | Департамент народного просвещения Министерства народного просвещения (1803-1917) |
| | $1 | 251 |
| | $c | Фонд |
| | $1 | 852 |
| | $j | 733 |
| 462 | #0 | $1 | 001a6622fb3-31f3-4f49-aac3-243f6793e8d6 |
| | $1 | 2001 |
| | $a | Дела Департамента народного просвещения за 1818-1862 годы |
| | $1 | 251 |
| | $c | Опись |
| | $1 | 852 |
| | $j | 113 |
| 517 | 1# | $a | Дело по требованиям Государственной экспедиции для ревизии счетов о 878 рублях 11 копейках, отосланных в 1819 году в Департамент из Архангельской гимназии за книги. 18 июня 1825 г. - 18 ноября 1825 г |
| 801 | #0 | $a | RU |
| | $b | РГИА |
| | $c | 20250818 |
| | $g | RCR |
| 801 | #1 | $a | RU |
| | $b | ГлавНИВЦ |
| | $c | 20250818 |
| | $2 | rusmarc |
| 801 | #2 | $a | RU |
| | $b | ПБ им. Б.Н. Ельцина |
| | $c | 20260210 |
| | $g | RCR |
| | $2 | rusmarc |
| 850 | ## | $a | РГИА |
| 852 | ## | $a | РГИА |
| | $e | Федеральное казенное учреждение "Российский государственный исторический архив" (РГИА) |
| | $j | 22 |
| 937 | ## | $h | РГИА |
| | $d | 12094398 |
| | $a | ASBIBLIO_SCAN |
| 035 | ## | $a | RusGRCC00089170 |
| 856 | ## | $u | http://readingroom.main.prlib.ru/item.aspx?id_node=n200426124&mode=full |